Τερέζα Ντεκερού
Αποθηκεύτηκε σε:
| Κύριος συγγραφέας: | |
|---|---|
| Μορφή: | Βιβλίο |
| Γλώσσα: | Greek French |
| Δημοσίευση: |
Θεσσαλονίκη :
Παρατηρητής,
1984
|
| Σειρά: | Τα άγνωστα νόμπελ της λογοτεχνίας ;
; 10 |
| Θέματα: | |
| Ετικέτες: |
Προσθήκη ετικέτας
Δεν υπάρχουν, Καταχωρήστε ετικέτα πρώτοι!
|
MARC
| LEADER | 00000cam a2200000 i 4500 | ||
|---|---|---|---|
| 001 | 1/97158 | ||
| 008 | 081112s1984 gre d | ||
| 035 | |l 10101609 | ||
| 040 | |a GR-MY-UA |b gre |e aacr | ||
| 041 | 1 | |a gre |h fre | |
| 082 | 0 | |a 843 |2 (22) | |
| 100 | 1 | |a Mauriac, Francois |d 1885-1970. | |
| 245 | 1 | 0 | |a Τερέζα Ντεκερού / |c Φρανσουά Μοριάκ |
| 260 | |a Θεσσαλονίκη : |b Παρατηρητής, |c 1984 | ||
| 300 | |a 172 σ.; |c 21 εκ. | ||
| 490 | 1 | |a Τα άγνωστα νόμπελ της λογοτεχνίας |v ; 10 | |
| 650 | 0 | 0 | |a French fiction |y 20th century. |
| 830 | 0 | |a Τα άγνωστα νόμπελ της λογοτεχνίας ; |v ; 10 | |
| 852 | |a INST |b SYROS |e 20081112 |h 843 MAU |p 005500008921 |q 005500008921 |t BK |y 0 | ||
| 901 | |a BIBL5-2008-3 | ||
| 909 | |a Ε |b 154385 | ||
| 970 | |a ΚΟΝΤΟΥ |b ΠΑΡΑΣΚΕΥΗ |z 2008/11/12 | ||